| 000 | 02404nam a2200325 a 4500 | ||
|---|---|---|---|
| 001 | 000000642 | ||
| 003 | DO-SdBNP | ||
| 005 | 20260212124324.0 | ||
| 008 | 090331s2008 dr a r 000 0 spa d | ||
| 020 | _a9789945162028 | ||
| 020 | _a9945162020 | ||
| 040 |
_aDO-SdBNP _bspa _cBNPHU |
||
| 082 |
_a614.4 _bG633e |
||
| 100 | 1 |
_aGómez Montero, Franklin J. _92149 |
|
| 245 | 1 | 0 |
_aEpidemiología y gestión sanitaria : _bmanual teórico práctico, un instrumento para la prevención y el control de enfermedades transmisibles, no transmisibles y otros eventos / _cFranklin J. Gómez Montero; colaborador principal Manuel E., Colomé Hidalgo. |
| 260 |
_aSanto Domingo : _bBúho, _c2008. |
||
| 300 |
_a256 p. : _bil. ; _c23 cm. |
||
| 500 | _aIncluye datos biográficos del autor en la solapa de la cubierta. | ||
| 500 | _aIncluye referencias bibliográficas y notas al pie de las páginas | ||
| 505 | 2 |
_tPresentación -- _tIntroducción -- _tDescripción del proceso -- _tMetodología -- _tEvaluación -- _tNormas generales para el desarrollo de las prácticas -- _tObjetivos generales -- _tSalud Pública, funciones esenciales, sistemas y servicios de salud -- _tLa reforma del sector salud en RD. El sistema nacional de salud --x _tLa reforma del sector salud en RD. El sistema dominicano de seguridad social -- _tAsis y estrategias de prevención y control de enfermedades en la población -- _tEnfoque de riesgo, su aplicación en la atención en salud -- _tEpidemiología ambiental y laboral -- _tEpidemiología de las enfermedades transmisibles y no transmisibles -- _tSeroepidemiología y estudios de screening -- _tSistema de información, vigilancia epidemiológica y control de enfermedades -- _tPrevención y control de las infecciones hospitalarias -- _tEpidemiología en la gestión y administración de los servicios de salud -- _tProgramas de servicios de prevención y control en la República Dominicana -- _tGlosario de términos en epidemiología y gestión sanitaria. |
|
| 590 | _aInventariado, 2018/LP | ||
| 650 | 0 |
_aEpidemiología _9488 |
|
| 650 | 4 |
_aEnfermedades transmisibles _xPrevención _92150 |
|
| 650 | 4 |
_aSalud pública _zRepública Dominicana _92078 |
|
| 650 | 4 |
_aSeguridad social _zRepública Dominicana _92151 |
|
| 650 | 0 |
_aPolítica sanitaria _zRepública Dominicana _91344 |
|
| 700 | 1 |
_aColomé Hidalgo, Manuel E. _92153 |
|
| 910 | _aValidado. Control de calidad MFF | ||
| 942 |
_2ddc _cLBS1 |
||
| 999 |
_c639 _d639 |
||